| 000 | 01276ngm a22003610a 4500 | ||
|---|---|---|---|
| 001 | PT38536 | ||
| 003 | AR-LpoUNG | ||
| 005 | 20210202000530.0 | ||
| 007 | vd cvaizq | ||
| 008 | 191001s1976||||ag |||||||||||||||||spa d | ||
| 037 | _c$11.25 | ||
| 040 |
_aAR-LpoUNG _bspa _cAR-LpoUNG _eaacr |
||
| 041 | _aspa | ||
| 044 | _aag | ||
| 082 | 0 | _a302.5 274soñ | |
| 100 | 1 |
_aFavio, Leonardo _edir. |
|
| 245 | 1 | 0 | _aSoñar, soñar |
| 260 |
_aBuenos Aires : _bBlackman, _c1976. |
||
| 300 | _aDVD (82 min.) : son., byn | ||
| 505 | 0 | _aElenco : Carlos Monzón, Gian Franco Pagliaro, Nora Cullen, Oscar Carmelo Milazzo, Ramón Pintos, Juan Alighieri, Pancho Jiménez | |
| 520 | _aMario, -El Rulo-, es un trotamundos que viaja por el interior del país ofreciendo números artísticos. Acierta a pasar un día por el pueblo donde vive Carlos, un empleado municipal que sueña con ser artista. Nace entre los dos una amistad, y Carlos abandona todo para seguir a Mario. Juntos intentarán hacerse famosos en Buenos Aires. | ||
| 650 | 4 | _aARGENTINA | |
| 650 | 4 | _aDRAMA | |
| 650 | 4 | _aRELACIONES HUMANAS | |
| 651 | 4 | _aArgentina | |
| 653 | _aCINE | ||
| 653 | _aCINE ARGENTINO | ||
| 653 | _aCOMEDIA | ||
| 653 | _aDVD | ||
| 653 | _aVIDEOS | ||
| 905 | _a38536 | ||
| 942 | _cDVD | ||
| 999 |
_c55039 _d55039 |
||